Statistics for Winnie-the-Pooh Characters

Click here to take the quiz!

General Stats

  • This quiz has been taken 25,865 times
  • The average score is 8 of 9

Answer Stats

ClueCharacter% Correct
Main characterWinnie the Pooh
100%
Orange and very bouncyTigger
93%
Lovable, pink best friendPiglet
91%
Depressed donkeyEeyore
88%
The only human characterChristopher Robin
87%
And her sonRoo
79%
Wise old bird living in a treehouseOwl
78%
Mother kangarooKanga
76%
Yellow bunny living in a burrowRabbit
70%

Score Distribution

Percentile by Number Answered

Percent of People with Each Score

Your Score History

You have not taken this quiz